000 006830000a22002050004500
001 768714001
003 CO-MdFUSB
005 20161102165638.0
008 161102s20 sp ||||| |||| 00| 0 spa d
022 _a0014-1437
040 _aCO-MdFUSB
_bspa
_cCO-MdFUSB
_dCO-MdFUSB
041 _aeng
100 1 _aRibera Florit, Josep (1935-)
_eautor
245 1 0 _aLos targumes de Job :
_bAlgunos aspectos textuales y literarios
300 _aVolumen 62, número 1 (2004), Páginas 77-86
_c23 cm.
546 _aTexto en Inglés
653 _aAntiguo Testamento -- Job
773 0 _tEstudios Bíblicos
_049452
_960455
_gVolumen 62, número 1 (2004), Páginas 77-86
_qPágina 77
942 _cANA
999 _c50317
_d50317